[Event "NED-ch U16"]
[Site "Almelo"]
[Date "2022.05.05"]
[Round "5"]
[White "Blom, Rens"]
[Black "Knol, Daniel"]
[Result "1/2-1/2"]
[WhiteElo "1699"]
[BlackElo "1685"]
[PlyCount "60"]
[EventDate "2022.05.01"]
[EventType "swiss"]
[EventRounds "9"]
[EventCountry "NED"]
[SourceTitle "EXT 2023"]
[Source "ChessBase"]
[SourceDate "2022.10.05"]
[SourceVersion "1"]
[SourceVersionDate "2022.10.05"]
[SourceQuality "1"]

1. c4 e5 2. Nc3 Nf6 3. Nf3 Nc6 4. e4 Bb4 5. d3 d6 6. g3 Bg4 7. Bg2 Nd4 8. h3 Bxf3 9. Bxf3 Bc5 10. 0-0 0-0 11. Bg2 c6 12. Kh2 Nd7 13. Ne2 Qb6 14. f4 exf4 15. gxf4 f5 16. Ng3 Rae8 17. Bd2 a5 18. Bc3 g6 19. exf5 Nxf5 20. Nxf5 gxf5 21. Re1 Bd4 22. Qh5 Rxe1 23. Rxe1 Bxc3 24. bxc3 Qf2 25. Re7 Qxf4+ 26. Kh1 Qc1+ 27. Kh2 Qf4+ 28. Kg1 Qc1+ 29. Kf2 Qd2+ 30. Kf3 Ne5+ 1/2-1/2

[Event "NED-ch U16"]
[Site "Almelo"]
[Date "2022.05.03"]
[Round "3"]
[White "Knol, Daniel"]
[Black "Alvares, Thomas"]
[Result "0-1"]
[WhiteElo "1685"]
[BlackElo "1789"]
[PlyCount "88"]
[EventDate "2022.05.01"]
[EventType "swiss"]
[EventRounds "9"]
[EventCountry "NED"]
[SourceTitle "EXT 2023"]
[Source "ChessBase"]
[SourceDate "2022.10.05"]
[SourceVersion "1"]
[SourceVersionDate "2022.10.05"]
[SourceQuality "1"]

1. e4 e5 2. Nf3 Nc6 3. Bc4 Nf6 4. d3 Bc5 5. c3 a6 6. 0-0 d6 7. Re1 Ba7 8. Be3 0-0 9. Bxa7 Rxa7 10. Nbd2 b5 11. Bb3 Na5 12. d4 Nxb3 13. Nxb3 Qe7 14. Na5 Bd7 15. d5 Nh5 16. g3 g6 17. a4 Raa8 18. axb5 axb5 19. Nc6 Qe8 20. Nb4 f5 21. exf5 Rxa1 22. Qxa1 gxf5 23. Nh4 f4 24. Nd3 Qf7 25. Qd1 fxg3 26. hxg3 Nf6 27. Nb4 Ng4 28. f3 Nf6 29. Rf1 Qg7 30. Kh2 Kh8 31. Rg1 e4 32. Kg2 exf3+ 33. Nxf3 Bg4 34. Rf1 Qh6 35. Rh1 Qe3 36. Nc2 Qe4 37. Rf1 Kg8 38. Ncd4 Nxd5 39. Qb3 Kh8 40. Rf2 Ne3+ 41. Kh2 Bxf3 42. Rxf3 Rxf3 43. Nxf3 Qxf3 44. Kh3 Qh1# 0-1

[Event "NED-ch U14 op"]
[Site "Borne"]
[Date "2019.08.09"]
[Round "7"]
[White "Groen, Jari"]
[Black "Knol, Daniel"]
[Result "1-0"]
[WhiteElo "1349"]
[BlackElo "1662"]
[PlyCount "90"]
[EventDate "2019.08.05"]
[EventType "swiss"]
[EventRounds "9"]
[EventCountry "NED"]
[SourceTitle "EXT 2020"]
[Source "ChessBase"]
[SourceDate "2019.10.17"]
[SourceVersion "1"]
[SourceVersionDate "2019.10.17"]
[SourceQuality "1"]

1. e4 c5 2. Nf3 d6 3. d4 cxd4 4. Nxd4 Nf6 5. Nc3 a6 6. Be3 e5 7. Nb3 Nc6 8. f3 b5 9. a3 Bb7 10. Be2 Be7 11. 0-0 0-0 12. Qd2 Qc7 13. Rfd1 Rad8 14. Nd5 Nxd5 15. exd5 Nb8 16. Rac1 f5 17. c4 bxc4 18. Rxc4 Qd7 19. Na5 Ba8 20. Rdc1 Rc8 21. Qc2 Rxc4 22. Qxc4 f4 23. Bb6 Bd8 24. Bxd8 Qxd8 25. b4 Qb6+ 26. Kf1 Qe3 27. Rc3 Qd2 28. Rd3 Qb2 29. Nc6 Nd7 30. Qxa6 Nf6 31. Ne7+ Kh8 32. Qxd6 e4 33. Ng6+ hxg6 34. Qxf8+ Kh7 35. fxe4 Qc1+ 36. Rd1 Qe3 37. Qc5 Qxe4 38. Bf3 Qf5 39. d6 Bxf3 40. Qxf5 gxf5 41. gxf3 Nd7 42. b5 Kg6 43. b6 Kf6 44. b7 Ke6 45. Re1+ Kd5 1-0

[Event "NED-ch U14 op"]
[Site "Borne"]
[Date "2019.08.07"]
[Round "4"]
[White "Knol, Daniel"]
[Black "Oskam, Julian"]
[Result "1-0"]
[WhiteElo "1662"]
[BlackElo "1197"]
[PlyCount "85"]
[EventDate "2019.08.05"]
[EventType "swiss"]
[EventRounds "9"]
[EventCountry "NED"]
[SourceTitle "EXT 2020"]
[Source "ChessBase"]
[SourceDate "2019.10.17"]
[SourceVersion "1"]
[SourceVersionDate "2019.10.17"]
[SourceQuality "1"]

1. e4 e5 2. Nf3 Nc6 3. Bc4 Bc5 4. c3 Nf6 5. d4 exd4 6. cxd4 Bb4+ 7. Bd2 Bxd2+ 8. Nbxd2 d6 9. 0-0 0-0 10. Re1 d5 11. exd5 Nxd5 12. Nf1 Nb6 13. Bb5 Bd7 14. Ne3 a6 15. Bf1 Re8 16. d5 Ne5 17. Nxe5 Rxe5 18. Qd4 Qe7 19. g3 Re8 20. Bg2 Qf6 21. Qc3 Na4 22. Qxc7 Bb5 23. b3 Nb2 24. Reb1 h5 25. Nc4 Re2 26. Rf1 Nd3 27. Rad1 Rxa2 28. Rxd3 Bxc4 29. Qxc4 Ree2 30. Qd4 Qd6 31. Re3 Red2 32. Re8+ Kh7 33. Be4+ Kh6 34. Rh8+ Kg5 35. Qxg7+ Qg6 36. h4+ Kg4 37. Bxg6 Kf3 38. Qf6+ Ke2 39. Bxh5+ Kd3 40. Bf3 a5 41. Rc8 Rdc2 42. Rd1+ Rd2 43. Rc3# 1-0

[Event "NED-ch U14 op"]
[Site "Borne"]
[Date "2019.08.06"]
[Round "3"]
[White "Tiggelman, Vincent"]
[Black "Knol, Daniel"]
[Result "1-0"]
[WhiteElo "1358"]
[BlackElo "1662"]
[PlyCount "99"]
[EventDate "2019.08.05"]
[EventType "swiss"]
[EventRounds "9"]
[EventCountry "NED"]
[SourceTitle "EXT 2020"]
[Source "ChessBase"]
[SourceDate "2019.10.17"]
[SourceVersion "1"]
[SourceVersionDate "2019.10.17"]
[SourceQuality "1"]

1. e4 c5 2. Nf3 d6 3. Nc3 Nf6 4. d4 cxd4 5. Qxd4 Bd7 6. e5 Nc6 7. Qf4 dxe5 8. Nxe5 Nxe5 9. Qxe5 g6 10. Ne4 Qb6 11. Be3 Qb4+ 12. Nc3 Rc8 13. 0-0-0 Qg4 14. Bb5 Rg8 15. Rd4 Qf5 16. Qxf5 gxf5 17. Bxd7+ Nxd7 18. Rhd1 Nf6 19. Nb5 e5 20. Nd6+ Bxd6 21. Rxd6 Ke7 22. g3 b6 23. h4 Rcd8 24. Rxd8 Rxd8 25. Bg5 Rxd1+ 26. Kxd1 Ke6 27. Bxf6 Kxf6 28. Ke2 e4 29. Ke3 Ke5 30. a4 a6 31. c3 b5 32. axb5 axb5 33. b3 h5 34. c4 b4 35. c5 Kd5 36. Kf4 Kxc5 37. Ke5 f6+ 38. Kxf5 Kd4 39. g4 hxg4 40. Kxg4 Ke5 41. h5 f5+ 42. Kg5 f4 43. h6 e3 44. fxe3 fxe3 45. h7 Ke4 46. h8Q Kd3 47. Qd8+ Kc3 48. Qd5 e2 49. Qc4+ Kd2 50. Qxb4+ 1-0